LEADER 01176nas 2200433-a 450 001 996205856003316 005 20221206111014.0 011 $a1090-2708 035 $a(OCoLC)36943341 035 $a(CKB)954922649126 035 $a(CONSER)sn-97004519- 035 $a(DE-599)ZDB1469162-0 035 $a(EXLCZ)99954922649126 100 $a19970521a19uu9999 s-- a 101 0 $aeng 135 $aurcnu|||||||| 181 $ctxt$2rdacontent 182 $cc$2rdamedia 183 $acr$2rdacarrier 200 10$aJournal of complexity 210 $aOrlando, Fla. $cAcademic Press 300 $aRefereed/Peer-reviewed 311 $a0885-064X 517 3 $aComplexity 531 $aJ COMPLEXITY 531 $aJ COMPLEX 531 0 $aJ. complex. 531 0 $aJ. complex. 531 $aJ. COMPLEX 606 $aComputational complexity$vPeriodicals 606 $aComputational complexity$2fast$3(OCoLC)fst00871991 608 $aPeriodicals.$2fast 615 0$aComputational complexity 615 7$aComputational complexity. 676 $a511 906 $aJOURNAL 912 $a996205856003316 996 $aJournal of complexity$9793752 997 $aUNISA